[Event "Netanya Open"]
[Site "Netanya ISR"]
[Date "1987.??.??"]
[Round "9"]
[White "Plaskett, Jim"]
[Black "Schoen, Wolfram"]
[Result "0-1"]
[WhiteElo "2460"]
[BlackElo "2440"]
[PlyCount "56"]
[EventDate "1987.??.??"]
[Source "www.chesslib.no"]
[SourceDate "2004.05.04"]

1. e4 e5 2. f4 exf4 3. Bc4 Nf6 4. Nc3 c6 5. Qe2 d5 6. exd5+ Be7 7. d4 O-O 8. Bxf4 cxd5 9. Bb3 Nc6 10. Nf3 Bg4 11. O-O-O Na5 12. h3 Bh5 13. Bg5 Rc8 14. Bxf6 Bxf6 15. Qb5 Nxb3+ 16. axb3 Bg6 17. Rhe1 a6 18. Qxb7 Qa5 19. Kb1 Rxc3 20. bxc3 Qxc3 21. Rd2 h6 22. Ree2 a5 23. Ka2 Be4 24. Rxe4 dxe4 25. Qxe4 a4 26. Qb7 Bg5 27. Re2 Bf4 28. Qa6 Bc1 0-1

[Event "Clarin GP-f"]
[Site "Villa Gesell"]
[Date "1997.03.03"]
[Round "2"]
[White "Ginzburg, Maximiliano"]
[Black "Valerga, Diego"]
[Result "1/2-1/2"]
[WhiteElo "2450"]
[BlackElo "2445"]
[PlyCount "47"]
[EventDate "1997.03.02"]
[Source "ChessBase"]

1. e4 e5 2. f4 exf4 3. Bc4 d5 4. Bxd5 Nf6 5. Bb3 Nxe4 6. Qe2 Qe7 7. d4 Nc6 8. Nf3 Bg4 9. O-O O-O-O 10. c3 Ng5 11. Qxe7 Bxe7 12. Nxg5 Bxg5 13. Bxf4 Bxf4 14. Rxf4 Be6 15. Nd2 Bxb3 16. axb3 f6 17. b4 a6 18. Re1 Rhe8 19. Rfe4 Kd7 20. Kf2 b6 21. Ra1 Rxe4 22. Nxe4 Re8 23. Kf3 a5 24. bxa5 1/2-1/2

[Event "Pardubice Komercni Banka op"]
[Site "Pardubice"]
[Date "1999.07.22"]
[Round "7"]
[White "Stocek, J."]
[Black "Aliev, K."]
[Result "1-0"]
[WhiteElo "2532"]
[BlackElo "2362"]
[PlyCount "87"]
[EventDate "1999.07.11"]
[Source "www.chesslib.no"]
[SourceDate "2004.05.04"]

1. e4 e5 2. f4 exf4 3. Bc4 d6 4. Nc3 Be6 5. Bxe6 fxe6 6. Nf3 e5 7. d4 Nd7 8. O-O Ngf6 9. Ng5 Qe7 10. Nb5 O-O-O 11. Nxa7+ Kb8 12. Nb5 h6 13. Nf3 g5 14. Qd3 d5 15. exd5 e4 16. d6 cxd6 17. Qa3 exf3 18. Bd2 Qe2 19. Qa7+ Kc8 20. Qa8+ Nb8 21. Na7+ Kc7 22. Ba5+ b6 23. Rxf3 bxa5 24. a4 Qe4 25. Nb5+ Kd7 26. Qxa5 Qb7 27. Rc3 Nc6 28. Rxc6 Qxc6 29. Qa7+ Ke6 30. d5+ Qxd5 31. Nc7+ Ke5 32. Nxd5 Nxd5 33. Qa5 Ke6 34. Qxd8 Bg7 35. Qa5 Bxb2 36. Re1+ Be5 37. Qb5 Rc8 38. Qd3 Ne3 39. Qg6+ Kd5 40. Qd3+ Kc6 41. Qg6 Bf6 42. Qe4+ Kd7 43. Rxe3 fxe3 44. Qh7+ 1-0

[Event "Pamporovo"]
[Site "Pamporovo"]
[Date "1981.??.??"]
[Round "13"]
[White "Skrobek, Ryszard"]
[Black "Lukacs, Peter"]
[Result "1/2-1/2"]
[WhiteElo "2425"]
[BlackElo "2465"]
[PlyCount "39"]
[EventDate "1981.02.??"]
[Source "ChessBase"]

1. e4 e5 2. f4 exf4 3. Bc4 Nf6 4. Nc3 c6 5. Bb3 d5 6. exd5 cxd5 7. d4 Bd6 8. Nf3 O-O 9. O-O Be6 10. Ne5 Bxe5 11. dxe5 Ng4 12. Rxf4 Qb6+ 13. Qd4 Qxd4+ 14. Rxd4 Nc6 15. Rf4 Ngxe5 16. Nxd5 Rfd8 17. Ne3 Nd4 18. Rf2 Bxb3 19. cxb3 f5 20. h3 1/2-1/2

[Event "Alushta-B"]
[Site "Alushta"]
[Date "1997.??.??"]
[Round "3"]
[White "Reprintsev, Alexander"]
[Black "Mukhametov, Eldar"]
[Result "1/2-1/2"]
[WhiteElo "2425"]
[BlackElo "2460"]
[PlyCount "224"]
[EventDate "1997.??.??"]
[Source "www.chesslib.no"]
[SourceDate "2004.05.04"]

1. e4 e5 2. f4 exf4 3. Bc4 Nf6 4. Nc3 c6 5. Bb3 d5 6. exd5 cxd5 7. d4 Be7 8. Bxf4 O-O 9. Nf3 Nc6 10. Qd3 a6 11. Be5 Be6 12. Ng5 Nb4 13. Qe2 Bg4 14. Nf3 Nd7 15. O-O-O Nb6 16. Qf2 Nc6 17. Qg3 Nxe5 18. dxe5 Be6 19. Rd3 Rc8 20. Rhd1 Qc7 21. Qf2 Rfd8 22. Kb1 Qc6 23. Nd4 Qc5 24. Qf3 Nc4 25. Nxe6 fxe6 26. Qg4 Qb6 27. Nxd5 exd5 28. Rxd5 Na3+ 29. bxa3 Kh8 30. Rd7 Rxd7 31. Rxd7 Bf8 32. Rxg7 Qg1+ 33. Kb2 Bxa3+ 34. Kxa3 Qc5+ 35. Qb4 Kxg7 36. Qxc5 Rxc5 37. e6 Rf5 38. Kb2 Rg5 39. g3 Kf6 40. Kc3 Rh5 41. h4 Rf5 42. Kd4 Rf3 43. Bd5 Rxg3 44. Bxb7 Kxe6 45. Bxa6 Rg4+ 46. Kc5 Rxh4 47. c4 Kd7 48. Bb7 Kc7 49. Bd5 Rh2 50. a4 Ra2 51. Kd4 Rxa4 52. Ke5 Ra1 53. Kf4 Rg1 54. Bf3 Kd6 55. Be2 Kc5 56. Ke3 Rg7 57. Kf4 Kd4 58. Kf5 Rg2 59. Bf3 Rf2 60. Kg4 Kxc4 61. Kg3 Ra2 62. Be4 h6 63. Bg6 Ra5 64. Bf7+ Kc5 65. Kh4 Kd6 66. Bb3 Ke7 67. Bc2 Kf6 68. Bd1 Kg7 69. Be2 Re5 70. Bd1 Re1 71. Bf3 Rf1 72. Bc6 Rf5 73. Bd7 Re5 74. Ba4 h5 75. Bd1 Kh6 76. Bf3 Rb5 77. Bc6 Rb4+ 78. Kh3 Kg5 79. Bd7 Rb3+ 80. Kg2 Kh4 81. Be6 Rg3+ 82. Kf2 Rg7 83. Bc8 Rc7 84. Be6 Re7 85. Bc8 Rg7 86. Kf3 Rc7 87. Be6 Rc2 88. Bd7 Rc7 89. Be6 Re7 90. Bc8 Rg7 91. Kf2 Re7 92. Kf3 Kg5 93. Kg3 Rc7 94. Be6 Rc3+ 95. Kg2 Ra3 96. Bd7 Kf4 97. Bc8 Rg3+ 98. Kh2 Kf3 99. Bd7 Kf2 100. Bc8 h4 101. Bd7 Rd3 102. Bc8 Rg3 103. Bd7 h3 104. Bc8 Rg8 105. Bd7 Rh8 106. Be6 Kf3 107. Bd7 Rd8 108. Be6 Re8 109. Bd7 Re7 110. Bc8 Rg7 111. Be6 Rg6 112. Bd7 Rg7 1/2-1/2

[Event "Gausdal Int"]
[Site "Gausdal NOR"]
[Date "1989.??.??"]
[Round "?"]
[White "Westerinen, Heikki M J"]
[Black "Hector, Jonny"]
[Result "1-0"]
[WhiteElo "2400"]
[BlackElo "2485"]
[PlyCount "99"]
[EventDate "1989.08.??"]
[Source "www.chesslib.no"]
[SourceDate "2004.05.04"]

1. e4 e5 2. f4 exf4 3. Bc4 Nf6 4. Nc3 c6 5. d4 Bb4 6. e5 Ne4 7. Kf1 Nxc3 8. bxc3 d5 9. exd6 Bxd6 10. Qf3 Qf6 11. Ne2 Be6 12. Bb3 g5 13. Rb1 Bf5 14. Ba4 Qe7 15. Ng3 Bg6 16. Bd2 Kd8 17. Re1 Qd7 18. Ne4 g4 19. Qf2 Bxe4 20. Rxe4 Qf5 21. Re1 Nd7 22. h3 f3 23. gxf3 g3 24. Qe2 g2+ 25. Qxg2 Nf6 26. f4 Rg8 27. Qf3 Kc7 28. c4 Nh5 29. c5 Ng3+ 30. Kg2 Ne4+ 31. Kh2 Rg3 32. cxd6+ Kxd6 33. Qxg3 Nxg3 34. Re5 Qf6 35. Kxg3 Rg8+ 36. Kf3 Kc7 37. Bb3 h6 38. Be3 b5 39. Rg1 Rd8 40. c3 Qh4 41. Rg3 Rd7 42. Rf5 Kb6 43. Bf2 a5 44. Kg2 a4 45. Bxf7 Qe7 46. Be6 Rd8 47. d5+ c5 48. Rf7 Qe8 49. Rgg7 Ra8 50. Rb7+ 1-0

[Event "POL-ch"]
[Site "Sopot"]
[Date "1997.??.??"]
[Round "9"]
[White "Grabarczyk, Bogdan"]
[Black "Murdzia, Piotr"]
[Result "1-0"]
[WhiteElo "2460"]
[BlackElo "2425"]
[PlyCount "75"]
[EventDate "1997.03.18"]
[Source "ChessBase"]
[SourceDate "1997.08.01"]

1. e4 e5 2. f4 exf4 3. Bc4 d5 4. exd5 Bd6 5. Nf3 Ne7 6. Bb3 O-O 7. d4 c6 8. dxc6 Nbxc6 9. c3 Bg4 10. O-O Nf5 11. Qd3 Qd7 12. Na3 Rae8 13. Nc4 Bb8 14. Bc2 b5 15. Nce5 Bxe5 16. dxe5 Qxd3 17. Bxd3 Bxf3 18. gxf3 Rxe5 19. Bxf4 Rd5 20. Be4 Rc5 21. Rfd1 Nce7 22. Rd7 a5 23. Rad1 h6 24. Kf2 Ng6 25. Bc7 Nfh4 26. Bd6 Rg5 27. Bxf8 Rg2+ 28. Kf1 Nf4 29. Bc5 f5 30. Bd5+ Kh7 31. Bd4 Nh5 32. Bf7 Nf4 33. Bb3 Nxf3 34. Rxg7+ Rxg7 35. Bxg7 Kxg7 36. Kf2 Nxh2 37. Kg3 a4 38. Bc2 1-0

[Event "Skanska Cup"]
[Site "Olomouc"]
[Date "2004.07.11"]
[Round "10"]
[White "Simacek, Pavel"]
[Black "Sarakauskas, Gediminas"]
[Result "1/2-1/2"]
[WhiteElo "2439"]
[BlackElo "2442"]
[PlyCount "55"]
[EventDate "2004.07.04"]
[Source "Roberto Alvarez"]
[SourceDate "2004.08.24"]

1. e4 e5 2. f4 exf4 3. Bc4 d5 4. Bxd5 Nf6 5. Nc3 Nxd5 6. Nxd5 g5 7. h4 c6 8. Nc3 g4 9. d4 Bg7 10. Bxf4 Qxd4 11. Qxd4 Bxd4 12. Nge2 Bg7 13. Ng3 Be6 14. Nf5 Bxf5 15. exf5 Bxc3+ 16. bxc3 Nd7 17. O-O-O O-O-O 18. Rd4 Nb6 19. Re1 Rhe8 20. Rde4 Rxe4 21. Rxe4 h5 22. Bg5 Rd5 23. Re8+ Kc7 24. f6 Rd8 25. Re7+ Rd7 26. Re8 Rd8 27. Re7+ Rd7 28. Re8 1/2-1/2

[Event "BL2-West 0001"]
[Site "Germany"]
[Date "2001.01.07"]
[Round "4.1"]
[White "Fleck, Juergen"]
[Black "Cuijpers, Frans Andre"]
[Result "1/2-1/2"]
[WhiteElo "2396"]
[BlackElo "2485"]
[PlyCount "82"]
[EventDate "2000.10.15"]
[Source "ChessBase"]
[SourceDate "2001.07.03"]

1. e4 e5 2. f4 exf4 3. Bc4 Nf6 4. Nc3 Nc6 5. Nf3 Bb4 6. Nd5 O-O 7. O-O Nxd5 8. exd5 Ne7 9. d4 Ng6 10. Ne5 Bd6 11. Nd3 Qe7 12. Qf3 Nh4 13. Qf2 g5 14. g3 fxg3 15. hxg3 Ng6 16. Qf5 f6 17. Bd2 b5 18. Bxb5 Bxg3 19. Qf3 Bh4 20. d6 Qxd6 21. Bb4 Qxd4+ 22. Kh2 Rb8 23. c3 Qb6 24. Bc4+ Kg7 25. Bc5 g4 26. Qe3 Qc6 27. Bxf8+ Kxf8 28. Qh6+ Ke8 29. Bf7+ Kd8 30. Bxg6 Qd6+ 31. Rf4 Bg5 32. Re1 c5 33. Qxh7 Bxf4+ 34. Kg1 Bg5 35. Kf1 c4 36. Qg8+ Kc7 37. Qxc4+ Qc6 38. Qxg4 Bb7 39. Be4 Qd6 40. Qf5 Bxe4 41. Qxe4 Qc6 1/2-1/2

[Event "Le Touquet"]
[Site "Le Touquet"]
[Date "1998.??.??"]
[Round "?"]
[White "Shirazi, Kamran"]
[Black "Bagirov, Rufak"]
[Result "1/2-1/2"]
[WhiteElo "2410"]
[BlackElo "2470"]
[PlyCount "125"]
[EventDate "1998.??.??"]
[Source "www.chesslib.no"]
[SourceDate "2004.05.04"]

1. e4 e5 2. f4 exf4 3. Bc4 Qh4+ 4. Kf1 d6 5. Nf3 Qh5 6. Nc3 Nf6 7. d4 Bg4 8. e5 Bxf3 9. Qxf3 Qxf3+ 10. gxf3 Nfd7 11. Bxf4 dxe5 12. dxe5 Nc6 13. Rd1 O-O-O 14. Bxf7 Ndxe5 15. Be6+ Kb8 16. Rxd8+ Nxd8 17. Bd5 Bd6 18. Nb5 Rf8 19. Bg3 Nxf3 20. Nxd6 Ne5+ 21. Nf7 Nexf7 22. Kg2 Re8 23. Rf1 Nd6 24. c4 g6 25. Re1 Rxe1 26. Bxe1 N6f7 27. c5 c6 28. Bg3+ Kc8 29. Bc4 Kd7 30. Bb8 a6 31. Kf3 Ne6 32. Ke3 Ke7 33. b4 Kf6 34. Bf1 h5 35. Kd3 g5 36. Ke4 g4 37. Bg3 Nfg5+ 38. Ke3 Ng7 39. Bb8 Nf5+ 40. Kf4 Ne6+ 41. Ke4 h4 42. Bc4 g3 43. Be5+ Kg5 44. hxg3 Nxg3+ 45. Kf3 Kf5 46. Bb8 Nd4+ 47. Kg2 Ke4 48. Bf7 Ngf5 49. Kh3 Kd3 50. Be5 Kc3 51. Be6 Kxb4 52. Bc8 Kxc5 53. Bxb7 Kb6 54. Bc8 c5 55. Bf6 c4 56. a4 Ka5 57. Bd8+ Kxa4 58. Bxa6 Nb5 59. Bf6 Ka5 60. Bb7 Nbd6 61. Bd5 Kb4 62. Bxh4 Nxh4 63. Bxc4 1/2-1/2

[Event "Pardubice Czech op"]
[Site "Pardubice"]
[Date "2002.07.19"]
[Round "1"]
[White "Pitl, Gregory"]
[Black "Gyimesi, Zoltan"]
[Result "0-1"]
[WhiteElo "2300"]
[BlackElo "2580"]
[PlyCount "34"]
[EventDate "2002.07.19"]
[Source "ChessBase"]
[SourceDate "2002.09.11"]

1. e4 e5 2. f4 exf4 3. Bc4 Nf6 4. Nc3 Nc6 5. d4 Bb4 6. e5 Ne4 7. Qf3 d5 8. Bb5 Qh4+ 9. Kf1 O-O 10. Bxc6 bxc6 11. Bxf4 Bxc3 12. g3 Qe7 13. bxc3 f6 14. e6 Bxe6 15. a4 Rae8 16. Kg2 Ng5 17. Qd3 Qd7 0-1

[Event "4th Rohde Open"]
[Site "Sautron"]
[Date "2004.10.25"]
[Round "3"]
[White "Maze, Sebastien"]
[Black "Dobrev, Nanko"]
[Result "0-1"]
[WhiteElo "2464"]
[BlackElo "2416"]
[PlyCount "78"]
[EventDate "2004.10.23"]
[Source "Roberto Alvarez"]
[SourceDate "2004.11.08"]

1. e4 e5 2. f4 exf4 3. Bc4 Be7 4. Nc3 Nc6 5. d4 Bh4+ 6. Kf1 d6 7. Bxf4 Nge7 8. Nf3 Bg4 9. Be3 O-O 10. h3 Bxf3 11. Qxf3 Kh8 12. Qg4 Ng6 13. Kg1 Nb4 14. Bb3 c5 15. dxc5 dxc5 16. Rd1 Qe7 17. Qf5 b6 18. a3 Nc6 19. Rd7 Qe5 20. Rd5 Qxf5 21. Rxf5 Bf6 22. Bd5 Rac8 23. Bxc6 Rxc6 24. Kf2 Bxc3 25. bxc3 Re6 26. h4 Rxe4 27. h5 Ne7 28. Rf3 Kg8 29. h6 g6 30. Bg5 Re8 31. Rh4 Rxh4 32. Bxh4 Nf5 33. Bg5 Re6 34. g4 Nd6 35. Rd3 Kf8 36. Kf3 f6 37. Bf4 Nf7 38. Rd7 Re7 39. Bd6 Nxd6 0-1

[Event "URS-sf Ukraine-ch"]
[Site "Kherson"]
[Date "1989.??.??"]
[Round "?"]
[White "Moroz, Alexander"]
[Black "Kuzmin, Gennadi P"]
[Result "0-1"]
[WhiteElo "2380"]
[BlackElo "2495"]
[PlyCount "106"]
[EventDate "1989.11.??"]
[Source "ChessBase"]

1. e4 e5 2. f4 exf4 3. Bc4 d5 4. exd5 Nf6 5. Nc3 c6 6. d4 Nxd5 7. Bxd5 cxd5 8. Bxf4 Nc6 9. Nf3 Bb4 10. O-O Bxc3 11. bxc3 O-O 12. c4 Bg4 13. c5 Re8 14. Qd2 f6 15. Rae1 Qd7 16. Bd6 Rxe1 17. Rxe1 Re8 18. c4 Rxe1+ 19. Nxe1 Qf7 20. Nc2 Bf5 21. Ne3 Be4 22. cxd5 Bxd5 23. g4 Qe6 24. Qd3 Nb4 25. Qd2 Qe4 26. Bg3 Qh1+ 27. Kf2 Qf3+ 28. Kg1 Bxa2 29. Ng2 Bd5 30. Ne1 Qh1+ 31. Kf2 Bc4 32. Bd6 Qf1+ 33. Kg3 Qg1+ 34. Ng2 Bd5 35. Bf4 Kf7 36. g5 Qxg2+ 37. Qxg2 Bxg2 38. Kxg2 fxg5 39. Bd2 Nd5 40. Bxg5 Ke6 41. Kf3 Kf5 42. Bd2 g5 43. Ke2 Ke4 44. Bxg5 Kxd4 45. Bh4 Nc3+ 46. Kf3 a5 47. Bf6+ Kc4 48. Be7 a4 49. Kg4 Ne4 50. Kh5 Nxc5 51. Kh6 b5 52. Kxh7 b4 53. h4 b3 0-1

[Event "Gausdal Int"]
[Site "Gausdal"]
[Date "1982.??.??"]
[Round "6"]
[White "Arnason, Jon L"]
[Black "Rantanen, Yrjo A"]
[Result "1/2-1/2"]
[WhiteElo "2455"]
[BlackElo "2420"]
[PlyCount "27"]
[EventDate "1982.08.??"]
[Source "ChessBase"]

1. e4 e5 2. f4 exf4 3. Bc4 Qh4+ 4. Kf1 c6 5. d3 d6 6. Qf3 Be6 7. Bxe6 fxe6 8. Bxf4 e5 9. Be3 Nd7 10. g3 Qf6 11. Nc3 Qe6 12. Kg2 Ngf6 13. Nh3 g6 14. Rhf1 1/2-1/2

[Event "Beersheba"]
[Site "Beersheba"]
[Date "1978.??.??"]
[Round "7"]
[White "Murey, Jacob"]
[Black "Tatai, Stefano"]
[Result "1/2-1/2"]
[WhiteElo "2420"]
[BlackElo "2455"]
[PlyCount "116"]
[EventDate "1978.02.??"]
[Source "ChessBase"]

1. e4 e5 2. f4 exf4 3. Bc4 f5 4. exf5 Nf6 5. Nc3 Qe7+ 6. Qe2 Nc6 7. Nf3 Nb4 8. Bb3 c6 9. d3 d5 10. Nd4 f3 11. gxf3 Qxe2+ 12. Ncxe2 Kf7 13. Bg5 Bd6 14. Kd2 Bd7 15. Rag1 Rhe8 16. Bf4 Bf8 17. Rg2 c5 18. a3 Na6 19. Ne6 Bxe6 20. fxe6+ Rxe6 21. Nc3 Rd8 22. Kc1 Rc6 23. Rd1 Be7 24. Be5 c4 25. Ba2 Nc7 26. Rgd2 Ke8 27. Bxc7 Rxc7 28. dxc4 dxc4 29. Rxd8+ Bxd8 30. Nb5 Rd7 31. Bxc4 Bb6 32. Re1+ Kf8 33. Be6 Rd8 34. c4 Rd3 35. f4 a6 36. Nc3 Be3+ 37. Kb1 Bxf4 38. Bc8 Rd8 39. Bxb7 Rb8 40. Bxa6 Bd2 41. Rc1 Bxc1 42. Kxc1 g5 43. c5 Ke7 44. b4 h5 45. Nb5 Nd5 46. Nd4 Kf6 47. Kd2 g4 48. Bc4 Ne7 49. b5 Ke5 50. Kc3 h4 51. a4 Nd5+ 52. Bxd5 Kxd5 53. c6 Rc8 54. Kd3 g3 55. hxg3 hxg3 56. Nf5 Rg8 57. c7 g2 58. Ne3+ Kd6 1/2-1/2

[Event "Gudmundur Arason op 4th"]
[Site "Hafnarfjordur"]
[Date "1998.12.21"]
[Round "8"]
[White "Westerinen, Heikki MJ"]
[Black "Raetsky, Alexander"]
[Result "1/2-1/2"]
[WhiteElo "2435"]
[BlackElo "2440"]
[PlyCount "67"]
[EventDate "1998.12.??"]
[Source "www.chesslib.no"]
[SourceDate "2004.05.04"]

1. e4 e5 2. f4 exf4 3. Bc4 Nf6 4. Nc3 c6 5. Bb3 d5 6. exd5 cxd5 7. d4 Bb4 8. Nf3 O-O 9. O-O Bxc3 10. bxc3 Ne4 11. Bxf4 Be6 12. Qd3 Nc6 13. Nd2 Nxd2 14. Bxd2 Qd7 15. Rf4 Ne7 16. Re1 Rfe8 17. h3 Rac8 18. Rf2 b5 19. Re5 a5 20. a3 a4 21. Ba2 Rb8 22. Rh5 Ng6 23. Qf3 Rbd8 24. Re2 Re7 25. Kh1 Kh8 26. Qd3 Kg8 27. Qf3 Kh8 28. Qd3 Qe8 29. Qf3 Kg8 30. Kh2 Kh8 31. Kh1 Kg8 32. Kh2 Qd7 33. Kh1 Kh8 34. Qd3 1/2-1/2

[Event "Malmo SWE"]
[Site "Malmo SWE"]
[Date "1988.??.??"]
[Round "?"]
[White "Westerinen, Heikki M J"]
[Black "Wedberg, Tom"]
[Result "1/2-1/2"]
[WhiteElo "2395"]
[BlackElo "2475"]
[PlyCount "46"]
[EventDate "1988.??.??"]
[Source "www.chesslib.no"]
[SourceDate "2004.05.04"]

1. e4 e5 2. f4 exf4 3. Bc4 Nf6 4. Nc3 c6 5. d4 Bb4 6. e5 Ne4 7. Kf1 Nxc3 8. bxc3 d5 9. Qh5 Qf6 10. Nf3 O-O 11. Rb1 Nd7 12. Ng5 Qg6 13. Qxg6 hxg6 14. Ne4 Nb6 15. Bd3 Rd8 16. h4 Bg4 17. c4 Nxc4 18. Nd6 a5 19. Nc8 Kf8 20. g3 Ke8 21. Nd6+ Ke7 22. Nxc4 Ke6 23. Nd2 f6 1/2-1/2

[Event "Arctic Chess Challenge 2008"]
[Site "Tromsø NOR"]
[Date "2008.08.08"]
[Round "7"]
[White "Tiller, Bjørn"]
[Black "Turner, Matthew J"]
[Result "0-1"]
[WhiteElo "2374"]
[BlackElo "2493"]
[PlyCount "68"]
[EventDate "2008.08.02"]
[Source "www.chesslib.no"]
[SourceDate "2004.05.04"]

1. e4 e5 2. f4 exf4 3. Bc4 Nf6 4. Nc3 c6 5. Bb3 d5 6. exd5 cxd5 7. d4 Bd6 8. Nf3 Be6 9. O-O O-O 10. Ne5 Bxe5 11. dxe5 Ng4 12. Nxd5 f3 13. Qxf3 Nc6 14. c4 b5 15. Qe4 Ncxe5 16. c5 f5 17. Qd4 Nc4 18. Bxc4 bxc4 19. Rd1 Qh4 20. Bf4 Rad8 21. Bg3 Qh6 22. Bf4 g5 23. Bd6 Rf7 24. h3 Bxd5 25. Qxd5 Ne3 26. Qd4 f4 27. Rd2 g4 28. hxg4 f3 29. gxf3 Rxf3 30. Rh2 Qg6 31. Re1 Re8 32. c6 Re4 33. Qxa7 Rxg4+ 34. Kh1 Rg1+ 0-1

[Event "otb"]
[Site "otb"]
[Date "2007.05.04"]
[Round "2"]
[White "Kostin Alexey"]
[Black "Gutov Andrey"]
[Result "1/2-1/2"]
[WhiteElo "2400"]
[BlackElo "2466"]
[PlyCount "111"]
[Source "www.chesslib.no"]
[SourceDate "2004.05.04"]

1. e4 e5 2. f4 exf4 3. Bc4 Qh4+ 4. Kf1 d5 5. Nf3 Qh5 6. Bxd5 Bd6 7. d4 Ne7 8. Bc4 f6 9. Nc3 c6 10. e5 fxe5 11. Ne4 Bc7 12. dxe5 Bg4 13. Nd6+ Bxd6 14. exd6 Ng6 15. Qe2+ Kd8 16. Bd2 Nd7 17. Bc3 Re8 18. Qf2 Nge5 19. Nxe5 Nxe5 20. Bxe5 Rxe5 21. h3 f3 22. g3 Kd7 23. Kg1 Be6 24. Bxe6+ Rxe6 25. Rh2 b6 26. Rf1 Rf8 27. Qd4 Qg5 28. Qg4 Qxg4 29. hxg4 h6 30. Rhf2 Ref6 31. Re1 Rg6 32. Re7+ Kxd6 33. Rxa7 Rxg4 34. Rd2+ Kc5 35. Kf2 b5 36. Ra3 Rb4 37. Rc3+ Rc4 38. Rdd3 b4 39. Rxc4+ Kxc4 40. Rxf3 Ra8 41. a4 bxa3 42. bxa3 Ra7 43. Rd3 Rf7+ 44. Ke3 c5 45. Kd2 h5 46. Rc3+ Kd5 47. a4 Ra7 48. Rf3 g6 49. Rf6 Rxa4 50. Rxg6 Rd4+ 51. Ke3 Kc4 52. Rg5 Rg4 53. Rxg4+ hxg4 54. Kf4 Kc3 55. Kxg4 Kxc2 56. Kf5 1/2-1/2

[Event "Vlissingen HZ op"]
[Site "Vlissingen"]
[Date "1997.??.??"]
[Round "3"]
[White "Jonkman, Harmen"]
[Black "Xie Jun"]
[Result "0-1"]
[WhiteElo "2365"]
[BlackElo "2500"]
[PlyCount "70"]
[EventDate "1997.07.05"]
[Source "ChessBase"]
[SourceDate "1997.07.29"]

1. e4 e5 2. f4 exf4 3. Bc4 Nf6 4. Nc3 c6 5. Bb3 d5 6. exd5 cxd5 7. d4 Bd6 8. Nf3 O-O 9. O-O Be6 10. Nb5 Nc6 11. Nxd6 Qxd6 12. Qd2 Nh5 13. Qf2 f6 14. c3 g5 15. Bc2 Rae8 16. b3 b5 17. Bd3 b4 18. c4 Re7 19. a3 Rfe8 20. Kh1 Qd7 21. Bd2 Bf5 22. Bxf5 Qxf5 23. Rfe1 bxa3 24. Rxe7 Rxe7 25. Rxa3 g4 26. Ng1 Re4 27. cxd5 Qxd5 28. Qh4 f3 29. gxf3 gxf3 30. Qf2 Nxd4 31. Ra5 Qf7 32. Nxf3 Qxb3 33. Nxd4 Qd1+ 34. Qg1+ Ng3+ 35. hxg3 Qxd2 0-1

[Event "Moscow1"]
[Site "Moscow RUS"]
[Date "1989.??.??"]
[Round "?"]
[White "Westerinen, Heikki M J"]
[Black "Kuzmin, Alexey"]
[Result "1/2-1/2"]
[WhiteElo "2400"]
[BlackElo "2465"]
[PlyCount "35"]
[EventDate "1989.05.??"]
[Source "www.chesslib.no"]
[SourceDate "2004.05.04"]

1. e4 e5 2. f4 exf4 3. Bc4 Nf6 4. Nc3 c6 5. d4 Bb4 6. e5 Ne4 7. Kf1 Nxc3 8. bxc3 Bxc3 9. Ba3 b5 10. Bd6 bxc4 11. Qg4 g6 12. Qh3 Bxa1 13. Qh6 Qb6 14. Ne2 Bxd4 15. Nxd4 Qxd4 16. Qg7 Qd1+ 17. Kf2 Qxc2+ 18. Kf1 1/2-1/2